الضمانات المصرفية التعاقدية في نطاق التجارة الدولية... / (رقم التسجيلة. 87113)
[ عرض عادي ]
| 000 -LEADER | |
|---|---|
| fixed length control field | 00660nam a22001937a 4500 |
| 005 - DATE AND TIME OF LATEST TRANSACTION | |
| control field | 20251108172730.0 |
| 008 - FIXED-LENGTH DATA ELEMENTS--GENERAL INFORMATION | |
| fixed length control field | 250721s1989 xx 000 0 ara d |
| 082 14 - DEWEY DECIMAL CLASSIFICATION NUMBER | |
| Classification number | 332.7/حيد |
| 100 1# - MAIN ENTRY--PERSONAL NAME | |
| Personal name | حيدر، هزار سليمان |
| Relator term | مؤلف |
| 245 10 - TITLE STATEMENT | |
| Title | الضمانات المصرفية التعاقدية في نطاق التجارة الدولية... / |
| 264 1# - PRODUCTION, PUBLICATION, DISTRIBUTION, MANUFACTURE, AND COPYRIGHT NOTICE | |
| Place of production, publication, distribution, manufacture | بيروت : |
| Name of producer, publisher, distributor, manufacturer | إتحاد المصارف العربية، |
| Date of production, publication, distribution, manufacture, or copyright notice | 1989. |
| 300 ## - PHYSICAL DESCRIPTION | |
| Extent | 295ص |
| 650 17 - SUBJECT ADDED ENTRY--TOPICAL TERM | |
| Topical term or geographic name as entry element | البنوك |
| 650 17 - SUBJECT ADDED ENTRY--TOPICAL TERM | |
| Topical term or geographic name as entry element | التجارة الدولية |
| 650 17 - SUBJECT ADDED ENTRY--TOPICAL TERM | |
| Topical term or geographic name as entry element | العلوم المصرفية |
| 650 17 - SUBJECT ADDED ENTRY--TOPICAL TERM | |
| Topical term or geographic name as entry element | التسليف التجاري |
| 942 ## - ADDED ENTRY ELEMENTS (KOHA) | |
| Source of classification or shelving scheme | Dewey Decimal Classification |
| Koha item type | كتب |
| حالة السحب | حالة الفقدان | مصدر التصنيف | حالة التلف | غير قابل للإعارة | المكتبة الرئيسية | المكتبة الحالية | موقع الرف | تاريخ التزويد | الرقم المتسلسل | Total Checkouts | رقم الإستدعاء | الباركود | تاريخ آخر ظهور | تاريخ الفاتورة | نوع المادة (كوها) |
|---|---|---|---|---|---|---|---|---|---|---|---|---|---|---|---|
| Dewey Decimal Classification | المكتبة المركزية | المكتبة المركزية | الإعارة | 05/09/2021 | 1745363 | 332.7/حيد | PLD00491946 | 28/07/2025 | 05/09/2021 | كتب | |||||
| Dewey Decimal Classification | المكتبة المركزية | المكتبة المركزية | الإعارة | 05/09/2021 | 1745364 | 332.7/حيد | PLD00491947 | 28/07/2025 | 05/09/2021 | كتب | |||||
| Dewey Decimal Classification | المكتبة المركزية | المكتبة المركزية | الإعارة | 05/09/2021 | 1745365 | 332.7/حيد | PLD00491948 | 28/07/2025 | 05/09/2021 | كتب | |||||
| Withdrawn | Dewey Decimal Classification | المكتبة المركزية | المكتبة المركزية | الإعارة | 05/09/2021 | 1745366 | 332.7/حيد | PLD00491949 | 28/07/2025 | 05/09/2021 | كتب |